Structure / (Record no. 5206)
[ view plain ]
| 000 -LEADER | |
|---|---|
| fixed length control field | 00951nam a22003017a 4500 |
| 001 - CONTROL NUMBER | |
| control field | 5206 |
| 003 - CONTROL NUMBER IDENTIFIER | |
| control field | FISKH |
| 005 - DATE AND TIME OF LATEST TRANSACTION | |
| control field | 20241119093136.0 |
| 008 - FIXED-LENGTH DATA ELEMENTS--GENERAL INFORMATION | |
| fixed length control field | 241119b cb ||||| |||| 00| 0 eng d |
| 020 ## - INTERNATIONAL STANDARD BOOK NUMBER | |
| International Standard Book Number | 0471310085 |
| 040 ## - CATALOGING SOURCE | |
| Original cataloging agency | FISKH |
| Language of cataloging | eng |
| Transcribing agency | FISKH |
| Modifying agency | FISKH |
| 050 ## - LIBRARY OF CONGRESS CALL NUMBER | |
| Classification number | QL799.T38 |
| 082 ## - DEWEY DECIMAL CLASSIFICATION NUMBER | |
| Classification number | 591.4 |
| 100 ## - MAIN ENTRY--PERSONAL NAME | |
| Personal name | Taylor, Kim |
| 245 ## - TITLE STATEMENT | |
| Title | Structure / |
| Statement of responsibility, etc. | by Kim Taylor |
| 260 ## - PUBLICATION, DISTRIBUTION, ETC. | |
| Place of publication, distribution, etc. | New York : |
| Name of publisher, distributor, etc. | John Wiley & Sons , Inc. |
| Date of publication, distribution, etc. | 1992 . |
| 300 ## - PHYSICAL DESCRIPTION | |
| Extent | 32 pages : |
| Other physical details | color illustrations ; |
| Dimensions | 29 cm . |
| 490 ## - SERIES STATEMENT | |
| Series statement | Flying Start Science |
| 505 ## - FORMATTED CONTENTS NOTE | |
| Formatted contents note | U <br/> |
| 520 ## - SUMMARY, ETC. | |
| Summary, etc. | This is part of a series of eight books that provide the basis of scientific knowledge with clear, detailed explanations of the major concepts. |
| 521 8# - TARGET AUDIENCE NOTE | |
| Target audience note | 850 <br/> |
| Source | Lexile estimate <br/> |
| 521 8# - TARGET AUDIENCE NOTE | |
| Target audience note | U <br/> |
| Source | Raz-Plus <br/> |
| 650 ## - SUBJECT ADDED ENTRY--TOPICAL TERM | |
| Topical term or geographic name entry element | physical science |
| Form subdivision | non-fiction |
| 650 ## - SUBJECT ADDED ENTRY--TOPICAL TERM | |
| Topical term or geographic name entry element | structure |
| Form subdivision | non-fiction |
| 700 ## - ADDED ENTRY--PERSONAL NAME | |
| Personal name | Smith, Guy |
| Relator term | illustrator |
| 942 ## - ADDED ENTRY ELEMENTS (KOHA) | |
| Source of classification or shelving scheme | Dewey Decimal Classification |
| Koha item type | Books |
| Suppress in OPAC | No |
| Withdrawn status | Lost status | Source of classification or shelving scheme | Damaged status | Not for loan | Collection | Home library | Current library | Shelving location | Date acquired | Total Checkouts | Full call number | Barcode | Date last seen | Price effective from | Koha item type |
|---|---|---|---|---|---|---|---|---|---|---|---|---|---|---|---|
| Dewey Decimal Classification | Non-Fiction | Footprints International School Library Network Toul Kork Campus | Footprints International School Library Network Toul Kork Campus | TTP Secondary Non-Fiction Bookshelves | 11/19/2024 | TAY 591.4 QL799.T38 | FIS01250 | 11/19/2024 | 11/19/2024 | Books |
